000 00382nam a2200157Ia 4500
003 Ost
005 20260225132557.0
008 260225s9999||||xx |||||||||||||| ||und||
040 _cfsic
041 _afre
082 _a302.23
100 _aHamoud CHAID dit Abderrahmane
_eAuteur
245 0 _aSans Haine NiPassion /
245 0 _cHamoud CHAID dit Abderrahmane
942 _cكتاب
999 _c34508
_d34508